Big Bird's day on the farm / (Record no. 85)

MARC details
000 -LEADER
fixed length control field 01510nam a22003857a 4500
001 - CONTROL NUMBER
control field 85
003 - CONTROL NUMBER IDENTIFIER
control field FISKH
005 - DATE AND TIME OF LATEST TRANSACTION
control field 20230222093727.0
008 - FIXED-LENGTH DATA ELEMENTS--GENERAL INFORMATION
fixed length control field 230222b cb ||||| |||| 00| 0 eng d
010 ## - LIBRARY OF CONGRESS CONTROL NUMBER
LC control number 84072876
020 ## - INTERNATIONAL STANDARD BOOK NUMBER
International Standard Book Number 0307020223
020 ## - INTERNATIONAL STANDARD BOOK NUMBER
International Standard Book Number 0307602834 (lib. bdg.)
040 ## - CATALOGING SOURCE
Original cataloging agency DLC
Transcribing agency DLC
Modifying agency DLC
042 ## - AUTHENTICATION CODE
Authentication code lcac
050 00 - LIBRARY OF CONGRESS CALL NUMBER
Classification number PZ7.R719154
Item number Bi 1985
082 00 - DEWEY DECIMAL CLASSIFICATION NUMBER
Classification number 630
Edition number 19
100 2# - MAIN ENTRY--PERSONAL NAME
Personal name Rosenberg-Turow, Cathi.
245 10 - TITLE STATEMENT
Title Big Bird's day on the farm /
Statement of responsibility, etc. by Cathi Rosenberg-Turow ; illustrated by Maggie Swanson ; featuring Jim Henson's Sesame Street Muppets ; inspired by Sesame Street presents : Follow that bird, screenplay by Tony Geiss and Judy Freudberg.
260 ## - PUBLICATION, DISTRIBUTION, ETC.
Place of publication, distribution, etc. [Racine, Wis.] :
Name of publisher, distributor, etc. Western Pub. Co. in conjunction with Children's Television Workshop,
Date of publication, distribution, etc. c1985.
300 ## - PHYSICAL DESCRIPTION
Extent 12 leaves of plates
Other physical details col. ill. ;
Dimensions 20 cm.
490 0# - SERIES STATEMENT
Series statement A Little golden book
500 ## - GENERAL NOTE
General note "A Sesame Street/Golden Press book."
520 ## - SUMMARY, ETC.
Summary, etc. While trying to find Sesame Street, Big Bird stops at a farm and learns where eggs, milk, honey, and various fruits and vegetables come from.
521 8# - TARGET AUDIENCE NOTE
Target audience note 500 <br/>
Source Lexile
521 8# - TARGET AUDIENCE NOTE
Target audience note H <br/>
Source Raz-Plus
650 #1 - SUBJECT ADDED ENTRY--TOPICAL TERM
Topical term or geographic name entry element Farm life
General subdivision Fiction.
650 #1 - SUBJECT ADDED ENTRY--TOPICAL TERM
Topical term or geographic name entry element Puppets
General subdivision Fiction.
700 1# - ADDED ENTRY--PERSONAL NAME
Personal name Swanson, Maggie,
Relator term ill.
700 1# - ADDED ENTRY--PERSONAL NAME
Personal name Henson, Jim.
700 1# - ADDED ENTRY--PERSONAL NAME
Personal name Geiss, Tony.
Title of a work Follow that Bird!
710 2# - ADDED ENTRY--CORPORATE NAME
Corporate name or jurisdiction name as entry element Children's Television Workshop.
730 0# - ADDED ENTRY--UNIFORM TITLE
Uniform title Follow that bird! (Motion picture)
906 ## - LOCAL DATA ELEMENT F, LDF (RLIN)
a 7
b cbc
c orignew
d 2
e opcn
f 19
g y-gencatlg
942 ## - ADDED ENTRY ELEMENTS (KOHA)
Source of classification or shelving scheme Dewey Decimal Classification
Koha item type Books
Suppress in OPAC No
Holdings
Withdrawn status Lost status Source of classification or shelving scheme Damaged status Not for loan Collection Home library Current library Shelving location Date acquired Total Checkouts Full call number Barcode Date last seen Date last checked out Price effective from Koha item type
    Library of Congress Classification     Juvenile Fiction Footprints International School Library Network Toul Kork Campus Footprints International School Library Network Toul Kork Campus   02/22/2023 2 ROS PZ7.R719154 FISBK00216 10/31/2025 10/03/2025 02/22/2023 Books